Historia de la fotografía.

Furkejuvvon:
Bibliográfalaš dieđut
Váldodahkki: Sougez, Marie-Loup (autora)
Materiálatiipa: Girji
Almmustuhtton: Madrid, España: Cátedra, 2017.
Preanttus:Decimocuarta edición.
Ráidu:Cuadernos de Arte Cátedra ;
Fáttát:
Fáddágilkorat: Lasit fáddágilkoriid
Eai fáddágilkorat, Lasit vuosttaš fáddágilkora!

MARC

LEADER 00000nam a22000007a 4500
003 CL-VaPUC
005 20250321101920.0
008 250115t2017 ||||| |||| 00| 0 eng d
999 |c 446531  |d 446529 
020 |a 978-84-376-2737-3 
040 |c Pontificia Universidad Católica de Valparaíso 
082 7 |a 770.9 SOU 2017  |2 22 
100 1 |a Sougez, Marie-Loup  |e autora  |9 895418 
245 |a Historia de la fotografía.  
250 |a Decimocuarta edición.  |b Edición revisada y aumentada.  
260 |a Madrid, España:  |b Cátedra,  |c 2017. 
300 |a 571 páginas :  |b ilustraciones. 
490 |a Cuadernos de Arte Cátedra ;  |n  46 
500 |a c.1. Instituto Arcos 8-1-2025 
583 |c 20250115  |k GC 
650 |a Fotografía   |x Historia  |9 895419 
942 |2 ddc  |c BK  |n 0 
952 |0 0  |1 0  |2 ddc  |4 0  |6 770_900000000000000_SOU_2017  |7 0  |8 A  |9 599320  |a BIBINC  |b BIBINC  |d 2025-01-15  |e Instituto Arcos  |i 5664349  |o 770.9 SOU 2017  |p 5664349  |r 2025-01-15  |t 1  |w 2025-01-15  |y BK  |k IFP 
952 |0 0  |1 0  |2 ddc  |4 0  |6 770_900000000000000_SOU_2017  |7 0  |8 A  |9 599321  |a BIBINC  |b BIBINC  |d 2025-01-15  |e Instituto Arcos  |i 5664350  |o 770.9 SOU 2017  |p 5664350  |r 2025-01-15  |t 2  |w 2025-01-15  |y BK  |k IFP 
952 |0 0  |1 0  |2 ddc  |4 0  |6 770_900000000000000_SOU_2017  |7 0  |8 A  |9 599322  |a BIBINC  |b BIBINC  |d 2025-01-15  |e Instituto Arcos  |i 5664351  |o 770.9 SOU 2017  |p 5664351  |r 2025-01-15  |t 3  |w 2025-01-15  |y BK  |k IFP 
952 |0 0  |1 0  |2 ddc  |4 0  |6 770_900000000000000_SOU_2017  |7 0  |8 A  |9 599323  |a BIBINC  |b BIBINC  |d 2025-01-15  |e Instituto Arcos  |i 5664352  |o 770.9 SOU 2017  |p 5664352  |r 2025-01-15  |t 4  |w 2025-01-15  |y BK  |k IFP